000 01062nam a2200205Ii 4500
003 JO-AjNU
008 230605s9999||||xx |||||||||||||| ||und||
017 _a2002/3/783
040 _aJO-AjNU
_bara
_erda
_cJO-AjNU
041 _aara
050 1 4 _aGB611 2002
100 3 _aالجمعية العلمية لمكافحة التصحر وتنمية البادية، المركز الجغرافي الملكي؛ تحرير عبد اللطبف عربيات... وآخرون,
_eauthor
_956365
245 0 0 _aدور التقنيات الحديثة في رصد ومكافحة التصحر في الأردن: اليوم العلمي الرابع بالتعاون مع المركز الجغرافي الملكي 5/8/1996
264 3 1 _aعمان: المركز الجغرافي الملكي، 2002
300 _a126ص
_bيشتمل على جداول
336 _atext
_btxt
_2rdacontent
337 _aunmediated
_bn
_2rdamedia
338 _avolume
_bnc
_2rdacarrier
650 4 _aالتصحر - تنمية الموارد الطبيعية - الاردن - مؤتمرات
_956366
999 _aA25195
_c28763
_d28763